000 00232nam a2200097Ia 4500
005 20251222175818.0
008 251222s9999||||xx |||||||||||||| ||spa||
082 _aDVD0010/K77/1954
245 0 _aEl Manto Sagrado:The Robe
942 _cDVD
999 _c40383
_d40383